| 000 | 00378nam a2200145 a 4500 | ||
|---|---|---|---|
| 005 | 20140412111327.0 | ||
| 008 | 110128s19uu xx 00 eng d | ||
| 020 | _a0-590-89643-1 | ||
| 050 |
_aTR(GS 507.8 _bS21 1997 |
||
| 100 | _aSchecter, Deborah | ||
| 245 |
_aScience Art / _cDeborah Schecter. |
||
| 260 |
_aU.S.A : _bScholastic, _c1997. |
||
| 300 | _a144p. | ||
| 999 |
_c104731 _d104731 |
||